Droit administratif spécial

में बचाया:
ग्रंथसूची विवरण
मुख्य लेखक: Auby, Jean-Marie (लेखक)
स्वरूप: पुस्तक
भाषा:फ़्रेंच
प्रकाशित: París Sirey 1966
संस्करण:2a. ed
श्रृंखला:Cours Elémentaire de Droit: capacités - écoles professionnelles
विषय:
टैग: टैग जोड़ें
कोई टैग नहीं, इस रिकॉर्ड को टैग करने वाले पहले व्यक्ति बनें!

MARC

LEADER 00000nam a2200000 a 4500
001 UCS0409
003 CL-VaPUC
008 970426e19660000FR |||||||||||||||||fre|d
082 0 4 |a 342.06  |b AUB  |2 21 
100 0 |a Auby, Jean-Marie  |e author  |9 383827 
245 1 0 |a Droit administratif spécial 
250 |a 2a. ed 
300 |a 160 p 
942 |c BK 
945 |d 19970426 00:00:00  |a cmena 
260 |a París  |b Sirey  |c 1966 
650 0 |a Derecho administrativo  |9 254851 
650 0 |a Administración pública   |9 255343 
650 0 |a Derecho constitucional   |9 222588 
650 0 |a Contratos administrativos  |9 256130 
650 7 |a DOMINIO PUBLICO  |2 CL-VaPUC  |9 325256 
650 7 |a EMPLEADOS PUBLICOS  |2 CL-VaPUC  |9 256133 
651 0 |a Francia  |9 255157 
583 |a last modification  |c 19970426 00:00:00  |k Rodrigo Vera 
490 0 |a Cours Elémentaire de Droit: capacités - écoles professionnelles 
999 |c 258638  |d 258636 
952 |0 0  |1 0  |4 0  |6 342_060000000000000_AUB_1966  |7 0  |8 A  |9 282887  |a BIBDER  |b BIBDER  |d 2019-11-19  |i 1837060  |o 342.06 AUB 1966  |p 1837060  |r 2023-01-25  |w 2019-11-19  |y BK  |k DER